Análisis cinético de la glucogeno sintetasa de higado de rana y su regulación / (Record no. 190746)

MARC details
000 -LEADER
campo de control de longitud fija 01032nam a2200253 i 4500
001 - NÚMERO DE CONTROL
campo de control 190746
003 - IDENTIFICADOR DE NÚMERO DE CONTROL
campo de control ES-MaACL
005 - FECHA Y HORA DE LA ÚLTIMA TRANSACCIÓN
campo de control 20250815112606.0
008 - DATOS DE LONGITUD FIJA--INFORMACIÓN GENERAL
campo de control de longitud fija 220525s1974 sp d 000 0 spa
080 ## - NÚMERO DE LA CLASIFICACIÓN DECIMAL UNIVERSAL
Número de la Clasificación Decimal Universal 577.1(043.2)
100 1# - ENTRADA PRINCIPAL--NOMBRE DE PERSONA
Nombre de persona Guinovart, Joan J.
9 (RLIN) 174604
245 10 - MENCIÓN DEL TÍTULO
Título Análisis cinético de la glucogeno sintetasa de higado de rana y su regulación /
Mención de responsabilidad, etc. por Juan José Guinovart Cirera.
260 ## - PUBLICACIÓN, DISTRIBUCIÓN, ETC.
Lugar de publicación, distribución, etc. Barcelona :
Nombre del editor, distribuidor, etc. [Universidad, Facultad de Farmacia],
Fecha de publicación, distribución, etc. 1974 (
Fabricante Vernet)
300 ## - DESCRIPCIÓN FÍSICA
Extensión 16 p. :
Otras características físicas gráf. ;
Dimensiones 24 cm.
502 ## - NOTA DE TESIS
Nota de tesis Tesis-Univ. Barcelona (Extracto)
504 ## - NOTA DE BIBLIOGRAFÍA, ETC.
Nota de bibliografía, etc. Bibliografía: p. 16.
594 ## - Nota al título y mención de responsabilidad
Nota al título y mención de responsabilidad Precede al tít.: Universidad de Barcelona. Secretariado de Publicaciones, Intercambio Científico y Extensión Universitaria
650 #7 - PUNTO DE ACCESO ADICIONAL DE MATERIA--TÉRMINO DE MATERIA
Término de materia o nombre geográfico como elemento de entrada Bioquímica
Fuente del encabezamiento o término embne
9 (RLIN) 136796
655 ## - TERMINO DE INDIZACIÓN--GENERO/FORMA
Datos o término principal de género/forma Tesis y escritos académicos
9 (RLIN) 226867
710 2# - ENTRADA AGREGADA--NOMBRE DE ENTIDAD CORPORATIVA
Nombre de entidad corporativa o nombre de jurisdicción como elemento de entrada Universidad de Barcelona.
Unidad subordinada Facultad de Farmacia.
9 (RLIN) 7148
852 4# - LOCALIZACIÓN
Ubicación ES-MaACL
Número de control de estantería P-1416 (11)
itemnumber 197928
Sublocalización o colección R.68611
Ubicación en estantería Depósito 2
942 ## - ELEMENTOS DE ENTRADA SECUNDARIOS (KOHA)
Fuente del sistema de clasificación o colocación Clasificación decimal universal
Holdings
Estatus retirado Estado de pérdida Fuente del sistema de clasificación o colocación Estado de daño No para préstamo Biblioteca de origen Biblioteca actual Ubicación en estantería Fecha de adquisición Fuente de adquisición Total de préstamos Signatura topográfica completa Código de barras Visto por última vez Precio de reemplazo Tipo de ítem Koha
    Clasificación decimal universal     Biblioteca del Ateneo de Madrid Biblioteca del Ateneo de Madrid Depósito 2 25/05/2022 Donación   P-1416 (11) 1202991 23/02/2023 23/02/2023 Libro impreso